[Event "Ch Romania"]
[Site "Romania"]
[Round "19"]
[White "Partos Charles (SUI)"]
[Black "Gheorghiu Florin (ROM)"]
[Result "0-1"]
[WhiteElo "2345"]
[BlackElo "2383"]

1.c4 e5 2.Nc3 Nc6 3.g3 g6 4.Bg2 Bg7 5.d3 d6 6.e4 Be6 7.h4 h6 8.Nd5 Nd4 9.Ne3
Ne7 10.Ne2 c6 11.h5 g5 12.g4 d5 13.Nf5 Bf6 14.b3 dxe4 15.dxe4 Bxf5 16.gxf5 Qb6
17.Nc3 O-O 18.Bd2 Kh7 19.Bh3 g4 20.Bxg4 Rg8 21.Bh3 Bh4 22.Rh2 Rad8 23.Kf1 Bg5
24.Bxg5 Rxg5 25.Rg2 Rxg2 26.Bxg2 Ng8 27.Qg4 Qa5 28.Qh3 Nxb3 29.Re1 Nd2+ 30.Kg1
Nxc4 31.f6 Nxf6 32.Bf1 Rg8+ 33.Kh2 Nd6 34.Rd1 Rg5 35.Be2 Qc5 36.Rf1 Kg7 {#R}
0-1

[Event "It"]
[Site "Leipzig (Germany)"]
[Round "11"]
[White "Liebert Heinz (GER)"]
[Black "Uhlmann Wolfgang (GER)"]
[Result "0-1"]
[WhiteElo "2247"]
[BlackElo "2379"]

1.c4 g6 2.Nc3 Bg7 3.g3 e5 4.Bg2 Nc6 5.d3 d6 6.Nf3 f5 7.O-O Nf6 8.Bg5 h6 9.Bxf6
Qxf6 10.Nd5 Qf7 11.b4 O-O 12.Nd2 Nd4 13.e3 Ne6 14.b5 g5 15.e4 f4 16.Bf3 c6
17.Bh5 Qd7 18.Nc3 Nd4 19.g4 Bf6 20.Nf3 Kg7 21.a4 Qc7 22.a5 Be6 23.a6 Rfb8
24.axb7 Rxb7 25.Ra6 Rb6 26.Qa4 Nxf3+ {#R} 0-1

[Event "Ch URS (team)"]
[Site "Moscow (Russia)"]
[Round "0"]
[White "Dvoretzky Mark (RUS)"]
[Black "Timoscenko Gennadij (SVK)"]
[Result "1-0"]
[WhiteElo "2465"]
[BlackElo "2483"]

1.c4 g6 2.Nc3 Bg7 3.g3 d6 4.Bg2 e5 5.d3 Nc6 6.e3 Nge7 7.Nge2 O-O 8.O-O Be6
9.Nd5 Qd7 10.Rb1 Nd8 11.b4 Nxd5 12.cxd5 Bh3 13.e4 Bxg2 14.Kxg2 f5 15.f3 Nf7
16.Rb3 Bh6 17.Bxh6 Nxh6 18.Rc3 Rf7 19.Qc1 Kg7 20.Qa3 a6 21.Rfc1 Rc8 22.Qb3 g5
23.a4 f4 24.d4 g4 25.dxe5 dxe5 26.gxf4 exf4 27.Nd4 Kh8 28.Ne6 c6 29.Qb2 Kg8
30.b5 axb5 31.axb5 gxf3+ 32.Kxf3 Nf5 33.Rg1+ Ng7 34.bxc6 bxc6 35.Rc2 Re8
36.Rxg7+ Rxg7 37.Qxg7+ Qxg7 38.Nxg7 cxd5 39.Nxe8 {#r} 1-0

[Event "Ch City"]
[Site "Budapest (Hungary)"]
[Round "2"]
[White "Forintos Gyozo V (HUN)"]
[Black "Kovacs Gabor M (HUN)"]
[Result "1-0"]
[WhiteElo "2317"]
[BlackElo "2232"]

1.c4 e5 2.g3 Nc6 3.Bg2 g6 4.Nc3 Bg7 5.d3 d6 6.Rb1 Nge7 7.b4 Nd4 8.e3 Ne6
9.Nge2 O-O 10.O-O Rb8 11.b5 Bd7 12.Nd5 Re8 13.Ba3 Nf5 14.Nb4 h5 15.h3 Nh6
16.Qd2 Ng5 17.h4 Ne6 18.d4 exd4 19.exd4 Nf5 20.Bb2 Bh6 21.Qd3 Bg7 22.Rfe1 Qc8
23.Be4 Nh6 24.Qf3 Ng4 25.Ba1 Nf8 26.Nf4 Bf5 27.Nfd5 Bxe4 28.Rxe4 Qd7 29.Rbe1
c6 30.Ne7+ Kh7 31.bxc6 bxc6 32.Nbxc6 f5 33.R4e2 Ra8 34.Bc3 Nf6 35.d5 Ne4
36.Rxe4 Bxc3 37.Qxc3 fxe4 38.Qf6 {#r} 1-0

[Event "Memorial Parcetic"]
[Site "Sombor (Yugoslavia)"]
[Round "10"]
[White "Masic Ljubomir (SCG)"]
[Black "Blatny Frantisek (CZE)"]
[Result "1-0"]
[WhiteElo "2254"]
[BlackElo "2112"]

1.g3 e5 2.c4 Nc6 3.Nc3 g6 4.Bg2 Bg7 5.d3 d6 6.e4 Nd4 7.Nge2 h5 8.h3 Nxe2
9.Qxe2 h4 10.Be3 c6 11.g4 g5 12.O-O Be6 13.b4 Nh6 14.Rfd1 O-O 15.Rab1 Re8
16.d4 exd4 17.Bxd4 f6 18.Rd2 Qc7 19.Rc2 Nf7 20.Nd5 Qd8 21.Ne3 Ne5 22.Rd2 Qc7
23.Rc1 Bf8 24.Qd1 Qf7 25.Bf1 b6 26.Bb2 Rac8 27.a3 Be7 28.Nf5 Bxf5 29.gxf5 Kg7
30.Be2 Kh6 31.Kh1 Bf8 32.Qe1 Qb7 33.f4 c5 34.Rd5 cxb4 35.fxe5 bxa3 36.Bxa3
Rxe5 37.Bd3 Qa6 38.Bb2 Rxd5 39.exd5 Qa4 40.Bxf6 {#r} 1-0

[Event "It (open)"]
[Site "Aspen (USA)"]
[Round "0"]
[White "Burger Karl (USA)"]
[Black "De Fotis Gregory (USA)"]
[Result "0-1"]
[WhiteElo "2310"]
[BlackElo "2390"]

1.c4 e5 2.Nc3 d6 3.g3 g6 4.Bg2 Bg7 5.d3 Nc6 6.Rb1 Nge7 7.Nh3 Bg4 8.f4 O-O
9.Nf2 Bd7 10.O-O Rb8 11.Bd2 Nf5 12.Nd5 Nce7 13.Ne4 Nxd5 14.cxd5 c6 15.fxe5
Bxe5 16.g4 Qb6+ 17.Rf2 Ne3 18.Bxe3 Qxe3 19.Kh1 Qh6 20.Bf3 f5 21.gxf5 Bxf5
22.Nd2 Qh4 23.Rg2 Bh3 24.Qg1 Bxg2+ 25.Qxg2 Rf5 26.dxc6 bxc6 27.Ne4 d5 28.Bg4
Rf4 29.Be6+ Kh8 30.Ng3 Rbf8 31.Qh3 Qxh3 32.Bxh3 Rh4 33.Kg2 Bd4 34.Rf1 Rxf1
35.Nxf1 Bxb2 {#R} 0-1

[Event "Ch Hungary"]
[Site "Budapest (Hungary)"]
[Round "0"]
[White "Szilagyi Gyorgy (HUN)"]
[Black "Szabo Laszlo (HUN)"]
[Result "0-1"]
[WhiteElo "2370"]
[BlackElo "1903"]

1.c4 g6 2.g3 Bg7 3.Bg2 d6 4.Nc3 e5 5.d3 Nc6 6.Nf3 Nge7 7.O-O O-O 8.Rb1 Bf5
9.b4 Qd7 10.b5 Nd8 11.Nd5 Nxd5 12.cxd5 Bh3 13.Bxh3 Qxh3 14.Qc2 Qd7 15.d4 exd4
16.Rd1 b6 17.Nxd4 Nb7 18.Qc6 Qc8 19.Nb3 Re8 20.e3 h5 21.Bb2 Nc5 22.Bxg7 Kxg7
23.h4 Re7 24.Nxc5 bxc5 25.a4 g5 26.hxg5 h4 27.Kg2 hxg3 28.Kxg3 Re5 29.Rg1 Rb8
30.a5 Qf5 31.Rbe1 Rh8 32.f4 Rh3+ 33.Kf2 Qc2+ 34.Re2 Rh2+ {#R} 0-1

[Event "It"]
[Site "Nethanya (Israel)"]
[Round "8"]
[White "Geller Uzi (ISR)"]
[Black "Yanofsky D A (CAN)"]
[Result "0-1"]
[WhiteElo "2300"]
[BlackElo "2410"]

1.c4 g6 2.g3 Bg7 3.Bg2 e5 4.Nc3 Nc6 5.d3 d6 6.Bd2 Nge7 7.Nf3 O-O 8.O-O h6
9.Rb1 a5 10.a3 g5 11.b4 axb4 12.axb4 Ng6 13.b5 Nce7 14.Qb3 Be6 15.Ra1 Qd7
16.b6 c6 17.Ra7 f5 18.Rd1 Rab8 19.Bc1 g4 20.Ne1 f4 21.Ne4 Nf5 22.e3 Qf7 23.Qa3
Rfd8 24.Nc2 d5 25.cxd5 Bxd5 26.exf4 exf4 27.Re1 Bb3 28.Nb4 Nd4 29.Bb2 Ne5
30.Bxd4 Rxd4 31.gxf4 Nf3+ 32.Bxf3 gxf3 33.Ng3 Bf8 34.Nxc6 Bxa3 35.Nxd4 Bf8
36.f5 Bd5 37.Ne6 Re8 38.Rc1 Bd6 {#R} 0-1

[Event "Ch Canada"]
[Site "Pointe-Claire (Canada)"]
[Round "5"]
[White "Witt Laszlo (CAN)"]
[Black "Dobrich Walter (CAN)"]
[Result "1-0"]
[WhiteElo "2290"]
[BlackElo "2230"]

1.c4 e5 2.Nc3 Nc6 3.g3 g6 4.Bg2 Bg7 5.d3 d6 6.e3 Be6 7.Nge2 Qd7 8.Nd5 Nd8
9.O-O c6 10.Ndc3 Bh3 11.d4 h5 12.dxe5 Bxe5 13.f4 h4 14.fxe5 hxg3 15.hxg3 Bxg2
16.Kxg2 Qh3+ 17.Kf2 Nh6 18.Ke1 Ne6 19.Ne4 O-O-O 20.Nxd6+ Kb8 21.Qb3 Nc5 22.Qa3
b6 23.b4 Nb7 24.c5 Ng4 25.Bb2 Qg2 26.Bd4 Rh2 27.Qd3 Nf2 28.Rxf2 Qxf2+ 29.Kd2
b5 30.a4 a6 31.axb5 axb5 32.Ne4 Qf3 33.Nc3 Qxg3 34.Qe4 Qf2 35.e6 f6 36.e7 Re8
37.Qxc6 Rxe7 38.Ra8+ Kxa8 39.Qc8+ Ka7 40.c6+ {#r} 1-0

[Event "?"]
[Site "URS"]
[Round "0"]
[White "Goldberg Mitchell (USA)"]
[Black "Soloviev Vladimir A (RUS)"]
[Result "0-1"]
[WhiteElo "2259"]
[BlackElo "2342"]

1.c4 e5 2.Nc3 Nc6 3.g3 g6 4.Bg2 Bg7 5.d3 d6 6.f4 h5 7.Nf3 h4 8.gxh4 Nd4 9.fxe5
dxe5 10.Bg5 f6 11.Be3 Nh6 12.Bf2 Ng4 13.e3 Nxf2 14.Kxf2 Nxf3 15.Bxf3 Rxh4
16.Qe2 f5 17.Rag1 Qf6 18.Ke1 c6 19.Rg2 Be6 20.Rhg1 Bf7 21.e4 Bf8 22.exf5 gxf5
23.Qe3 O-O-O 24.Qxa7 Bb4 25.Qe3 e4 26.dxe4 Qe5 27.Rd2 Rxd2 28.Qxd2 Rxh2 29.Bg2
Bc5 30.Rh1 Qg3+ 31.Kd1 Bh5+ {#R} 0-1

[Event "It"]
[Site "Bad Pyrmont (Germany)"]
[Round "0"]
[White "Naranja Renato (PHI)"]
[Black "Schiffer Kai-Uwe (GER)"]
[Result "0-1"]
[WhiteElo "2221"]
[BlackElo "2303"]

1.c4 e5 2.Nc3 Nc6 3.g3 g6 4.Bg2 d6 5.d3 Bg7 6.Bd2 Be6 7.Nf3 h6 8.O-O Qd7 9.Re1
Bh3 10.Bh1 Nf6 11.Qc1 Ng4 12.Nd5 f5 13.Rb1 O-O 14.Bc3 Rae8 15.e3 g5 16.b4 e4
17.b5 exf3 18.bxc6 bxc6 19.Bxg7 Qxg7 20.Nb4 f4 21.exf4 gxf4 22.Rxe8 Rxe8
23.Bxf3 fxg3 24.hxg3 Nxf2 25.Kh2 Bg4 26.Bg2 Bd7 27.Nxc6 Ng4+ 28.Kh1 Nf2+
29.Kh2 Nxd3 30.Qd1 Nf2 31.Qh5 Ng4+ 32.Kh1 Ne3 33.Rb8 Rxb8 34.Nxb8 Qa1+ {#R}
0-1

[Event "Ch DDR"]
[Site "Freiberg (Germany)"]
[Round "1"]
[White "Brueggemann Joachim (GER)"]
[Black "Knaak Rainer (GER)"]
[Result "0-1"]
[WhiteElo "2339"]
[BlackElo "2482"]

1.c4 g6 2.Nc3 Bg7 3.g3 Nc6 4.Bg2 d6 5.d3 e5 6.Bd2 Be6 7.b4 Qd7 8.Nd5 Nd8 9.b5
c6 10.bxc6 bxc6 11.Nc3 Ne7 12.Ne4 f5 13.Ng5 Bg8 14.h4 h6 15.N5h3 Be6 16.Qc1
Nf7 17.Rb1 O-O 18.f4 Rab8 19.Rb3 d5 20.fxe5 dxc4 21.dxc4 Nxe5 22.Nf3 Ng4
23.O-O Qd6 24.c5 Qd7 25.Rd3 Qb7 26.a3 Rbd8 27.Nf4 Bf7 28.Qc2 Qa6 29.Rc1 Nd5
30.Ne1 Nxf4 31.Bxf4 Rd4 32.e3 Ra4 33.Qd2 Qc8 34.Nc2 Ne5 35.Bxe5 Bxe5 36.Kh2
Rxh4+ 37.Kg1 Bxg3 38.e4 Bh2+ 39.Kf1 fxe4 {#R} 0-1

[Event "corr."]
[Site "Germany"]
[Round "0"]
[White "Dornieden Manfred Dr (GER)"]
[Black "Oechslein Rainer (GER)"]
[Result "0-1"]
[WhiteElo "2217"]
[BlackElo "2259"]

1.c4 g6 2.Nc3 Bg7 3.g3 e5 4.Bg2 d6 5.d3 Nc6 6.Nf3 h6 7.O-O Be6 8.Rb1 Qd7 9.b4
Bh3 10.e4 Bg4 11.Qa4 Nd4 12.Qxd7+ Kxd7 13.Nxd4 exd4 14.f3 dxc3 15.fxg4 Bd4+
16.Kh1 Nf6 17.e5 Nxg4 18.Bh3 h5 19.Bg5 Rh7 20.exd6 cxd6 21.Rbe1 f5 22.Re2 Re8
23.Rxe8 Kxe8 24.Re1+ Kd7 25.Bf1 Be3 26.Bxe3 Nxe3 27.Kg1 d5 28.d4 Nxf1 29.Kxf1
dxc4 30.Rc1 Kd6 31.Ke2 Re7+ 32.Kf3 Kd5 33.Kf4 Re4+ {#R} 0-1

[Event "Ch Poland"]
[Site "Piotrkow Trybunalski (Poland)"]
[Round "1"]
[White "Doda Zbigniew (POL)"]
[Black "Prochownik Franciszek (POL)"]
[Result "1-0"]
[WhiteElo "2345"]
[BlackElo "2174"]

1.c4 g6 2.Nc3 Bg7 3.g3 e5 4.Bg2 d6 5.d3 Nc6 6.Rb1 f5 7.e3 Nf6 8.b4 Qe7 9.Nge2
O-O 10.O-O Kh8 11.Bd2 g5 12.b5 Nd8 13.Qc2 Qf7 14.f4 h6 15.Nd5 Be6 16.e4 exf4
17.gxf4 g4 18.Ng3 c6 19.Ne3 fxe4 20.dxe4 cxb5 21.e5 Nh5 22.f5 Nxg3 23.hxg3 Qh5
24.f6 Nc6 25.fxg7+ Kxg7 26.exd6 Kg8 27.Qe4 Rxf1+ 28.Rxf1 Re8 29.cxb5 Ne5
30.Nd5 {#r} 1-0

[Event "Tournament (team)"]
[Site "Villa Gesell (Argentina)"]
[Round "0"]
[White "Ramirez Rio Jose (ESP)"]
[Black "Bolbochan Julio (ARG)"]
[Result "0-1"]
[WhiteElo "2176"]
[BlackElo "2440"]

1.c4 e5 2.Nc3 d6 3.g3 g6 4.Bg2 Bg7 5.d3 Nc6 6.Rb1 a5 7.a3 f5 8.Nh3 Nf6 9.b4
axb4 10.axb4 h6 11.e3 O-O 12.O-O Be6 13.f4 Bf7 14.Nd5 Nxd5 15.cxd5 Ne7 16.fxe5
dxe5 17.e4 c6 18.dxc6 bxc6 19.Be3 Be6 20.Qc1 Kh7 21.Bc5 Rf7 22.Rd1 f4 23.gxf4
Qd7 24.Qe3 Bg4 25.Rd2 exf4 26.Nxf4 Raf8 27.Rf1 g5 28.Nh3 Rxf1+ 29.Bxf1 Rf3
30.Nxg5+ hxg5 31.Qe1 Bc3 32.Qc1 Bxd2 33.Qxd2 Bh3 34.Bg2 Bxg2 35.Qxg5 Rf7
36.Be3 Qh3 {#R} 0-1

[Event "It"]
[Site "Sarajevo (Bosnia & Herzegovina)"]
[Round "6"]
[White "Rukavina Josip (CRO)"]
[Black "Lengyel Levente (HUN)"]
[Result "0-1"]
[WhiteElo "2380"]
[BlackElo "2485"]

1.g3 g6 2.Bg2 Bg7 3.c4 e5 4.Nc3 Nc6 5.d3 d6 6.Rb1 f5 7.Nf3 Nf6 8.O-O O-O 9.b4
h6 10.Nd5 g5 11.a4 f4 12.b5 Ne7 13.a5 Be6 14.Nxf6+ Bxf6 15.Nd2 Rb8 16.Ne4 Bg7
17.Bb2 Nf5 18.Qb3 Nd4 19.Bxd4 exd4 20.Qa3 Be5 21.a6 b6 22.f3 h5 23.Kf2 Rf7
24.Ke1 Rg7 25.Kd2 Qd7 26.Rg1 Kh8 27.Rh1 h4 28.g4 Kh7 29.h3 Kh6 30.Rhc1 Rgg8
31.Qa4 Rbc8 32.Rc2 c6 33.bxc6 Qxc6 34.Rb5 Rgd8 35.Qb4 Qe8 36.Rxe5 dxe5 37.Rb2
Rc7 38.Qa3 Qe7 39.Qa2 Bd7 40.Rb3 Bc6 {#R} 0-1

[Event "Tournament (team)"]
[Site "Tucuman (Argentina)"]
[Round "5"]
[White "Camara Helder (BRA)"]
[Black "Hernandez Roman (CUB)"]
[Result "1-0"]
[WhiteElo "2390"]
[BlackElo "2370"]

1.c4 e5 2.g3 g6 3.Bg2 Bg7 4.Nc3 Nc6 5.d3 d6 6.e3 f5 7.Nge2 Nf6 8.Bd2 O-O 9.O-O
Kh8 10.Rb1 Be6 11.Nd5 Bg8 12.b4 Nxd5 13.cxd5 Ne7 14.e4 c6 15.exf5 gxf5 16.dxc6
bxc6 17.Qa4 Qd7 18.Rfd1 f4 19.f3 Bd5 20.g4 Be6 21.h3 h5 22.Rf1 Ng6 23.Be1 Bf6
24.Qc2 Rg8 25.Bc3 Qg7 26.Be1 Rac8 27.Nc3 Bh4 28.Ne4 Bxe1 29.Rbxe1 Nh4 30.Nxd6
Rcd8 31.Ne4 hxg4 32.hxg4 Bxg4 33.fxg4 Qxg4 34.Rf2 f3 35.Qxc6 Qf4 36.Ng5 Rxg5
37.Re4 Rxg2+ 38.Rxg2 f2+ 39.Kf1 {#r} 1-0

[Event "It"]
[Site "Birseck (Switzerland)"]
[Round "4"]
[White "Issler Christian (SUI)"]
[Black "Zinser Sylvain (FRA)"]
[Result "0-1"]
[WhiteElo "2127"]
[BlackElo "2295"]

1.c4 e5 2.Nc3 Nc6 3.g3 g6 4.Bg2 Bg7 5.d3 d6 6.e3 f5 7.Nge2 Nf6 8.O-O O-O 9.Rb1
Be6 10.Nd5 Qd7 11.b4 Nd8 12.Bb2 Nh5 13.f4 c6 14.Ndc3 Nf7 15.Qb3 Nf6 16.d4 exd4
17.Nxd4 Rac8 18.Rbd1 b5 19.Nxe6 Qxe6 20.cxb5 Qxe3+ 21.Kh1 Ng4 22.bxc6 Nf2+
23.Rxf2 Qxf2 24.Bd5 Rce8 25.b5 Re7 26.a4 Rfe8 27.Bxf7+ Rxf7 28.a5 Qf3+ 29.Kg1
Bd4+ {#R} 0-1

[Event "It"]
[Site "Palma de Majorca (Spain)"]
[Round "0"]
[White "Bilek Istvan (HUN)"]
[Black "Calvo Minguez Ricardo (ESP)"]
[Result "1-0"]
[WhiteElo "2485"]
[BlackElo "2330"]

1.c4 e5 2.g3 Nc6 3.Bg2 g6 4.Nc3 Bg7 5.d3 d6 6.e3 Nf6 7.Nge2 Bd7 8.b3 Qc8 9.h3
O-O 10.Bb2 Ne7 11.Qd2 Re8 12.Rc1 c5 13.Ne4 Nxe4 14.dxe4 Be6 15.Rd1 Rd8 16.f4
b5 17.g4 f6 18.cxb5 a6 19.b6 Rb8 20.O-O Rxb6 21.f5 Bf7 22.g5 gxf5 23.exf5 d5
24.Ng3 d4 25.Rc1 c4 26.bxc4 dxe3 27.Qc3 Bxc4 28.gxf6 Bxf6 29.Ne4 Rd4 30.Nxf6+
Rxf6 31.Qxe3 Nxf5 32.Qxe5 Rdd6 33.Bd5+ Rxd5 34.Qxd5+ {#r} 1-0

[Event "Ch Czechoslovakia"]
[Site "Trinec (Czech Republic)"]
[Round "0"]
[White "Jankovec Ivan (CZE)"]
[Black "Trapl Jindrich (CZE)"]
[Result "1-0"]
[WhiteElo "2320"]
[BlackElo "2336"]

1.c4 e5 2.Nc3 Nc6 3.g3 g6 4.Bg2 Bg7 5.d3 d6 6.Nf3 Nf6 7.O-O O-O 8.Rb1 a5 9.a3
Nh5 10.b4 axb4 11.axb4 f5 12.b5 Ne7 13.Qc2 f4 14.Bb2 Bg4 15.Ra1 Rb8 16.e3 Qd7
17.Ne4 Bh3 18.Rfe1 Bxg2 19.Kxg2 Nf5 20.h3 fxg3 21.fxg3 Nfxg3 22.Nxg3 Rxf3
23.Kxf3 Qxh3 24.Ke2 Qxg3 25.Kd1 Rf8 26.Re2 Qg4 27.Kd2 Ng3 28.Rg2 Qf3 29.Rag1
Qxe3+ {#r} 1-0

[Event "It"]
[Site "Solingen (Germany)"]
[Round "10"]
[White "Friehoff Heinz (GER)"]
[Black "Kurajica Bojan (CRO)"]
[Result "0-1"]
[WhiteElo "2255"]
[BlackElo "2475"]

1.c4 g6 2.Nc3 Bg7 3.g3 e5 4.Bg2 d6 5.d3 Nc6 6.Rb1 Nh6 7.b4 O-O 8.Bd2 f5 9.Nd5
Nd4 10.Nf3 Ne6 11.h4 c6 12.Nc3 Nf7 13.b5 Bd7 14.a4 h6 15.Qc1 Qf6 16.Nh2 Nc5
17.Qc2 a5 18.e3 g5 19.hxg5 hxg5 20.Ne2 Qg6 21.d4 Ne4 22.Nc3 Nxd2 23.Qxd2 exd4
24.exd4 Qe6+ 25.Ne2 Qxc4 26.bxc6 Bxc6 27.Bxc6 bxc6 28.Nf1 Qd5 29.Rh2 Rae8
30.Ne3 Qe4 31.Rb7 f4 32.gxf4 gxf4 33.Ng4 f3 34.Ne3 fxe2 35.Qxa5 c5 36.d5 Qd3
37.Rg2 Rxe3 38.fxe3 {#R} 0-1

[Event "It"]
[Site "Lublin (Poland)"]
[Round "8"]
[White "Lengyel Levente (HUN)"]
[Black "Nicevski Risto (MKD)"]
[Result "0-1"]
[WhiteElo "2420"]
[BlackElo "2430"]

1.c4 e5 2.Nc3 Nc6 3.g3 d6 4.Bg2 g6 5.d3 Bg7 6.e4 f5 7.Nd5 Nf6 8.Ne2 O-O 9.Bg5
Be6 10.O-O Qd7 11.Rc1 Nh5 12.Qd2 Rf7 13.Be3 Raf8 14.f4 fxe4 15.dxe4 Bh3 16.b4
Bxg2 17.Kxg2 exf4 18.gxf4 Qe6 19.Nec3 Bxc3 20.Qxc3 Qxe4+ 21.Kg1 Ne5 22.Qc2
Qxc2 23.Rxc2 c6 {#R} 0-1

[Event "Olympiad (students) (team)"]
[Site "Teeside (England)"]
[Round "0"]
[White "Matera Salvatore (J/U)"]
[Black "Balashov Yuri S (RUS)"]
[Result "1-0"]
[WhiteElo "2425"]
[BlackElo "2540"]

1.c4 e5 2.Nc3 Nc6 3.g3 g6 4.Bg2 Bg7 5.d3 d6 6.Rb1 Be6 7.Nf3 Nge7 8.O-O O-O
9.b4 Qc8 10.b5 Nd8 11.Bd2 Bh3 12.Nd5 Nxd5 13.cxd5 a6 14.Bxh3 Qxh3 15.Qc2 Qd7
16.Rfc1 axb5 17.Qxc7 Qxc7 18.Rxc7 Rxa2 19.Bb4 Re8 20.Bxd6 Bf8 21.Bxe5 Rxe2
22.Rd7 b4 23.Kf1 Rc2 24.Bc7 Re7 25.Rxe7 Bxe7 26.d6 Bf6 27.Rxb4 Rc6 28.Rf4 {#r}
1-0

[Event "It"]
[Site "Venice (Italy)"]
[Round "0"]
[White "Suttles Duncan (CAN)"]
[Black "Liberzon Vladimir M (ISR)"]
[Result "0-1"]
[WhiteElo "2445"]
[BlackElo "2515"]

1.c4 e5 2.Nc3 Nc6 3.g3 d6 4.d3 g6 5.Bg2 Bg7 6.Bd2 Nge7 7.Qc1 Nd4 8.h4 h6 9.Rb1
a5 10.b3 c6 11.Nh3 h5 12.Ng5 O-O 13.Na4 b6 14.Be3 Bd7 15.Bxd4 exd4 16.O-O Nf5
17.Be4 Rc8 18.Qd1 Re8 19.Nb2 Qf6 20.a3 Bh6 21.Nf3 Ne7 22.Nh2 Bh3 23.Bg2 Bxg2
24.Kxg2 Nf5 25.Nf3 Re6 26.Qc2 Rce8 27.Rbe1 Qe7 28.Ng1 Re5 29.Nd1 Nxh4+ 30.gxh4
Qxh4 31.f4 Bxf4 32.Rxf4 Qxe1 33.Kh2 Rxe2+ 34.Nxe2 Rxe2+ 35.Qxe2 Qxe2+ 36.Nf2
Qe5 {#R} 0-1

[Event "?"]
[Site "Lone Pine (USA)"]
[Round "0"]
[White "Ervin Roy C (USA)"]
[Black "Tarjan James E (USA)"]
[Result "0-1"]
[WhiteElo "2395"]
[BlackElo "2525"]

1.c4 e5 2.Nc3 Nc6 3.g3 d6 4.Bg2 g6 5.d3 Bg7 6.Rb1 Be6 7.Nf3 h6 8.O-O f5 9.Ne1
Nf6 10.b4 a6 11.b5 axb5 12.Rxb5 Qc8 13.Nc2 Nd8 14.Ba3 O-O 15.Qd2 f4 16.Nd5
Nxd5 17.cxd5 Bh3 18.Ra5 Rxa5 19.Qxa5 Nf7 20.f3 Ng5 21.Qe1 h5 22.Rf2 fxg3
23.hxg3 Bxg2 24.Rxg2 Rxf3 25.Bc1 Rf5 26.Ne3 Rf8 27.g4 Nh3+ 28.Kh1 Nf4 29.Rh2
hxg4 30.Qg3 Nh5 31.Qh4 g3 32.Rg2 Rf4 33.Qe7 Qh3+ 34.Kg1 Rh4 35.Qe6+ Qxe6
36.dxe6 Nf4 {#R} 0-1

[Event "Zt"]
[Site "Pula (Croatia)"]
[Round "0"]
[White "Augustin Josef (CZE)"]
[Black "Hazai Laszlo (HUN)"]
[Result "1-0"]
[WhiteElo "2281"]
[BlackElo "2420"]

1.c4 g6 2.g3 Bg7 3.Bg2 d6 4.Nc3 e5 5.d3 Nc6 6.e3 Nge7 7.Nge2 O-O 8.O-O Bg4
9.h3 Be6 10.Nd5 Qd7 11.Kh2 Nd8 12.d4 c6 13.Nxe7+ Qxe7 14.d5 Bd7 15.dxc6 bxc6
16.Bd2 f5 17.Bc3 Nf7 18.Qd2 Rac8 19.Rad1 Be6 20.b3 g5 21.f4 h5 22.e4 h4
23.exf5 hxg3+ 24.Kh1 gxf4 25.fxe6 Qxe6 26.Nxf4 exf4 27.Bxg7 Kxg7 28.Qxf4 Qg6
29.Be4 g2+ 30.Bxg2 Ne5 31.Qh4 Rxf1+ 32.Rxf1 Kg8 33.Be4 {#r} 1-0

[Event "It \"]
[Site "Amsterdam (Netherlands)"]
[Round "0"]
[White "Ree Hans (NED)"]
[Black "Bohm Hans (NED)"]
[Result "0-1"]
[WhiteElo "2420"]
[BlackElo "2425"]

1.c4 e5 2.Nc3 Nc6 3.g3 g6 4.Bg2 Bg7 5.d3 d6 6.Rb1 Be6 7.Nf3 h6 8.b4 Qd7 9.b5
Nd8 10.Ba3 Ne7 11.O-O O-O 12.Qc2 f5 13.Rfc1 h5 14.c5 Nf7 15.Nd2 Rab8 16.Qa4 b6
17.cxd6 cxd6 18.Bc6 Qd8 19.Nc4 Bh6 20.e3 h4 21.Qxa7 f4 22.exf4 Bxc4 23.dxc4
exf4 24.Re1 Nxc6 25.bxc6 fxg3 26.fxg3 Ra8 27.c7 Qf6 28.Qxa8 Rxa8 29.Nd5 Qd4+
30.Kh1 Qxc4 31.Rbd1 h3 32.Bb2 Ne5 33.Bxe5 dxe5 34.Ne7+ Kf7 35.Nd5 Rc8 36.Rxe5
Rxc7 37.Nxc7 Qxc7 38.Rf1+ Kg7 39.Rfe1 Qc6+ 40.R1e4 Bd2 {#R} 0-1

[Event "Izt (cat.12)"]
[Site "Biel (Switzerland)"]
[Round "0"]
[White "Andersson Ulf (SWE)"]
[Black "Gulko Boris F (USA)"]
[Result "1-0"]
[WhiteElo "2585"]
[BlackElo "2530"]

1.c4 e5 2.Nc3 Nc6 3.g3 g6 4.Bg2 Bg7 5.d3 d6 6.Rb1 a5 7.a3 Nf6 8.Nf3 O-O 9.O-O
h6 10.b4 axb4 11.axb4 Be6 12.b5 Ne7 13.Bb2 Nd7 14.Nd2 c6 15.Ra1 Qc7 16.Qc2 Nf5
17.Rfc1 Nf6 18.Qd1 Qd7 19.Rxa8 Rxa8 20.Ra1 Qc8 21.Rxa8 Qxa8 22.Qa4 Qxa4
23.Nxa4 Bd7 24.Nb6 Be8 25.bxc6 Bxc6 26.Nb3 e4 27.Bxf6 Bxf6 28.Bxe4 Nd4 29.Bxc6
bxc6 30.Nxd4 Bxd4 31.Nc8 Bc5 {#r} 1-0

[Event "Tournament"]
[Site "Salgotarjan (Hungary)"]
[Round "0"]
[White "Bakos S (HUN)"]
[Black "Szurovszky Elek (HUN)"]
[Result "0-1"]
[WhiteElo "2245"]
[BlackElo "2124"]

1.c4 e5 2.Nc3 Nc6 3.g3 g6 4.Bg2 Bg7 5.d3 d6 6.e3 Be6 7.Nge2 Nge7 8.O-O O-O
9.Rb1 Qd7 10.Re1 f5 11.b4 g5 12.b5 Nd8 13.f4 h6 14.Bb2 Ng6 15.a4 Rb8 16.a5 Rf7
17.Qa4 Qe7 18.Nd5 Bxd5 19.Bxd5 Ne6 20.d4 Kh7 21.dxe5 dxe5 22.Ba3 Qe8 23.a6 b6
24.Qc2 gxf4 25.exf4 e4 26.Bc6 Qd8 27.Rbd1 Bd4+ 28.Kg2 Qf6 29.Bd5 Bc5 30.Bxe6
Qxe6 31.Bxc5 bxc5 32.Rd5 Rg8 33.Kh1 h5 34.Rxc5 Qb6 35.Rd5 Qf2 36.Rg1 Nxf4 {#R}
0-1

[Event "It (open)"]
[Site "Quebec (Canada)"]
[Round "1"]
[White "Seirawan Yasser (USA)"]
[Black "Brodie Hugh (CAN)"]
[Result "1-0"]
[WhiteElo "2652"]
[BlackElo "1958"]

1.c4 e5 2.Nc3 Nc6 3.g3 g6 4.Bg2 Bg7 5.d3 d6 6.Nf3 Nge7 7.Rb1 Bd7 8.b4 Qc8 9.h3
O-O 10.Nd2 f5 11.Nd5 Nxd5 12.cxd5 Ne7 13.Nc4 h6 14.e4 Kh7 15.Bd2 Qe8 16.Qc2
Rc8 17.Qb2 Bb5 18.Be3 b6 19.a4 Bxc4 20.dxc4 f4 21.Bd2 Qf7 22.g4 c6 23.Qb3 g5
24.h4 Kg6 25.f3 Kf6 26.h5 Rc7 27.Bf1 Rb8 28.Bd3 Qe8 29.Ke2 Qc8 30.Qa2 Bf8
31.a5 c5 32.axb6 axb6 33.bxc5 bxc5 34.Rxb8 Qxb8 35.Rb1 Rb7 36.Rb5 Qc7 37.Qa8
{#r} 1-0

[Event "It \"]
[Site "USA"]
[Round "0"]
[White "Biyiasas Peter (USA)"]
[Black "Malpert Rodney (USA)"]
[Result "1-0"]
[WhiteElo "2450"]
[BlackElo "2315"]

1.c4 Nc6 2.Nc3 e5 3.g3 g6 4.Bg2 Bg7 5.d3 d6 6.Rb1 Nf6 7.b4 O-O 8.b5 Ne7 9.Nf3
Nh5 10.O-O f5 11.Nd5 Nxd5 12.cxd5 f4 13.Nd2 Bf5 14.Ne4 Qd7 15.Ng5 Rab8 16.Qb3
Kh8 17.Bd2 Bh6 18.Ne6 Rf6 19.Rfc1 Bxe6 20.dxe6 Qe7 21.Qc4 Rbf8 22.Bd5 fxg3
23.Bxh6 gxh2+ 24.Kh1 Rxf2 25.Qg4 R8f4 26.Bxf4 Rxf4 27.Qg2 Qh4 28.Rxc7 Rf2
29.e7 Nf6 30.Rf1 {#r} 1-0

[Event "It \"]
[Site "USA"]
[Round "0"]
[White "Malpert Rodney (USA)"]
[Black "Gogel Dennis (USA)"]
[Result "1-0"]
[WhiteElo "2315"]
[BlackElo "2250"]

1.c4 g6 2.Nc3 Bg7 3.g3 Nc6 4.Bg2 e5 5.d3 d6 6.Rb1 Nf6 7.b4 O-O 8.b5 Ne7 9.Nf3
Nh5 10.O-O f5 11.Nd5 f4 12.Nd2 Nf5 13.Ne4 Nd4 14.e3 f3 15.exd4 fxg2 16.Re1
exd4 17.g4 Qh4 18.Bg5 Qxg4 19.Qxg4 Bxg4 20.Nxc7 Rab8 21.Nxd6 Rf3 22.c5 Rxd3
23.c6 bxc6 24.bxc6 Rxb1 25.Rxb1 Bf3 26.Ne6 h6 27.c7 Rc3 28.Bd2 Bd5 29.Bxc3
Bxe6 30.Bd2 {#r} 1-0

[Event "Memorial Kostic"]
[Site "Vrsac (Yugoslavia)"]
[Round "15"]
[White "Smejkal Jan (CZE)"]
[Black "Hernandez Roman (CUB)"]
[Result "1-0"]
[WhiteElo "2575"]
[BlackElo "2435"]

1.c4 e5 2.Nc3 d6 3.g3 Nc6 4.Bg2 g6 5.d3 Bg7 6.e4 h5 7.h4 Nd4 8.Nce2 Ne6 9.Nh3
Nh6 10.O-O c5 11.Nc3 Nd4 12.Nd5 f6 13.f3 Nf7 14.Be3 g5 15.f4 exf4 16.gxf4 g4
17.Nf2 f5 18.Nh1 Kf8 19.Bf2 Rg8 20.Ng3 Bh8 21.Re1 Nf3+ 22.Bxf3 gxf3 23.Qxf3
Qxh4 24.e5 Qh3 25.Qg2 Qxg2+ 26.Kxg2 h4 27.e6 Bxe6 28.Rxe6 hxg3 29.Bxg3 Re8
30.Rxe8+ Kxe8 31.Re1+ Kf8 32.Kf3 Nd8 33.Ne7 Rg7 34.Nxf5 Rd7 35.b3 Nc6 36.Rh1
Bg7 37.Ke4 Nb4 38.Rh7 Nxa2 39.Be1 {#r} 1-0